Nesmiete za cieľovou rovinkou padnúť od vyčerpania! luxemburský premiér Jean-Claude Juncker exkluzívne pre Hospodárske noviny

Bibliographic Details
Main Author: Veselý, Josef (Author)
Format: Article
Language:Slovak
PhysicalDescription:Fotogr.
ISSN:1335-4701
Subjects:

MARC

LEADER 00000nab a2200000 a 4500
001 vtls000748586
003 SK-MaSNL
005 20260304035344.0
008 140228c2001 xo 0 slo
015 |a SNBRB2001/02-06323 
035 |a CLN000100410 
040 |a SNKBUCL  |b slo  |c SNKBUCL  |e AACR2 
041 0 |a slo 
044 |a xo  |c SK 
080 |a 327.39(4:437.6)  |2 1997 
080 |a 339.923(4:437.6)  |2 1997 
100 1 |a Veselý, Josef  |4 aut  |9 296813 
245 1 0 |a Nesmiete za cieľovou rovinkou padnúť od vyčerpania!  |b luxemburský premiér Jean-Claude Juncker exkluzívne pre Hospodárske noviny  |c Josef Veselý 
300 |b Fotogr. 
610 7 |a Európska únia  |2 snkbucl  |9 29861 
655 7 |a články z novín a časopisov  |2 snkbucl  |9 267496 
773 0 |t Hospodárske noviny  |g Roč. 9, č. 28 (8.2.2001), s. 6  |x 1335-4701 
850 |a Slovenská národná knižnica v Martine 
852 |a SNK  |b KIS3GCP 
958 |a SK 
992 |a RBX 
999 |c 2657713  |d 2659643